00602nam a2200181Ia 4500952013100000999001700131003000400148005001700152008004100169040000900210082002200219100002100241245004200262260004400304300000900348650001300357942005000370 00102ddc40708SSaMESbMEScMALd2019-02-20g46.00l0o894.812301 VAL/Pp21831r2019-02-20 00:00:00w2019-02-20yBKzGR31R1 c27502d27502OSt20211117125441.0190216s9999||||xx |||||||||||||| ||und|| coclc a894.812301bVAL/P aValsala, P96547 0aPangurupushpathinte Then /cP Valsala bPoorna Publication, aKozhikode:c1996. a159p aKathakal cBK2ddch894.812301iVAL/Pk894.812301mVAL/P